| 000 | 00418cam a2200157ua 4500 | ||
|---|---|---|---|
| 003 | OSt | ||
| 008 | 241107b |||||||| |||| 00| 0 eng d | ||
| 020 | _a9788170080848 | ||
| 082 |
_a631.587 _bPUN/IR |
||
| 100 | _aPunmia , B C | ||
| 245 | _aIrrigation and water power engineering / | ||
| 260 |
_aNew Delhi : _bStandard Book House , _c1972. |
||
| 300 | _a780 ; . | ||
| 700 | 1 |
_aBasilal, Pande Brij. _96403 |
|
| 942 | _cBK | ||
| 999 |
_c2747 _d2747 |
||